00600cam a2200181 a 450000100100000000500170001000800410002702000150006804000250008308200210010810000240012924500820015326000370023530000210027250400340029365000370032765100540036400001405620200929163444.0760817s1976 nyu b 001 0 eng  a0394496779 aDO-SdBNPbengcBNPHU a323.40973bW812a1 aWise, David,d1930-14aThe american police state :bthe government against the people /cDavid Wise. aNew York :bRandom House,c1976. a437 p. ;c25 cm. aBibliografía: p. [413]-417. 4aDerechos civileszEstados Unidos 4aEstados UnidosxPolítica Y Gobiernoy1933-1945.